Eastern Utah Libraries Catalog: Duchesne, Heber, Roosevelt, & Vernal

The do-over / (Record no. 394973)

MARC details
000 -LEADER
fixed length control field 01923cam a2200481 i 4500
001 - CONTROL NUMBER
control field on1369678087
003 - CONTROL NUMBER IDENTIFIER
control field OCoLC
005 - DATE AND TIME OF LATEST TRANSACTION
control field 20240401173402.0
008 - FIXED-LENGTH DATA ELEMENTS--GENERAL INFORMATION
fixed length control field 230220s2023 nyu d 000 1 eng d
040 ## - CATALOGING SOURCE
Original cataloging agency YDX
Language of cataloging eng
Description conventions rda
Transcribing agency YDX
Modifying agency BDX
-- OCLCO
-- LE@
-- OCLCO
-- LE@
-- VYG
-- OCLCF
-- OCLCO
-- WACOL
020 ## - INTERNATIONAL STANDARD BOOK NUMBER
International Standard Book Number 1534478876
020 ## - INTERNATIONAL STANDARD BOOK NUMBER
International Standard Book Number 9781534478879
029 1# - (OCLC)
OCLC library identifier AU@
System control number 000075855573
035 ## - SYSTEM CONTROL NUMBER
System control number (OCoLC)1369678087
082 04 - DEWEY DECIMAL CLASSIFICATION NUMBER
Classification number 813.6
Edition number 23/eng/20231221
092 ## - LOCALLY ASSIGNED DEWEY CALL NUMBER (OCLC)
Classification number young adult
Item number Painter
049 ## - LOCAL HOLDINGS (OCLC)
Holding library WACL
100 1# - MAIN ENTRY--PERSONAL NAME
Personal name Painter, Lynn,
Relator term author.
9 (RLIN) 6460831
245 14 - TITLE STATEMENT
Title The do-over /
Statement of responsibility, etc Lynn Painter.
250 ## - EDITION STATEMENT
Edition statement First Simon & Schuster paperback edition.
264 #1 - Production, Publication, Distribution, Manufacture, and Copyright Notice.
Place of production, publication, distribution, manufacture New York :
Name of producer, publisher, distributor, manufacturer Simon & Schuster BFYR,
Date of production, publication, distribution, manufacture, or copyr 2023.
264 #4 - Production, Publication, Distribution, Manufacture, and Copyright Notice.
Date of production, publication, distribution, manufacture, or copyr �2023
300 ## - PHYSICAL DESCRIPTION
Extent 291 pages ;
Dimensions 21 cm
336 ## - Content Type
Content type term text
337 ## - Media type
Media type term unmediated
338 ## - Carrier type
Carrier type term volume
520 ## - SUMMARY, ETC.
Summary, etc After living through a dumpster fire of a Valentine's Day, Emilie Hornby escapes to her grandmother's house for some comfort and a consolation pint of Ben & Jerry's. She passes out on the couch, but when she wakes up, she's back home in her own bed--and it's Valentine's Day all over again. And the next day? Another nightmare V-Day.
521 ## - TARGET AUDIENCE NOTE
Target audience note young adult fiction
Source Amazon
650 #0 - SUBJECT ADDED ENTRY--TOPICAL TERM
Topical term or geographic name as entry element Valentine's Day
Form subdivision Fiction.
9 (RLIN) 5674131
650 #0 - SUBJECT ADDED ENTRY--TOPICAL TERM
Topical term or geographic name as entry element Dating (Social customs)
Form subdivision Fiction.
9 (RLIN) 5675717
650 #6 - SUBJECT ADDED ENTRY--TOPICAL TERM
Topical term or geographic name as entry element Saint-Valentin (F�ete)
Form subdivision Romans, nouvelles, etc.
9 (RLIN) 6484786
650 #6 - SUBJECT ADDED ENTRY--TOPICAL TERM
Topical term or geographic name as entry element Amours
Form subdivision Romans, nouvelles, etc.
9 (RLIN) 6484787
650 #7 - SUBJECT ADDED ENTRY--TOPICAL TERM
Topical term or geographic name as entry element Dating (Social customs)
Source of heading or term fast
650 #7 - SUBJECT ADDED ENTRY--TOPICAL TERM
Topical term or geographic name as entry element Valentine's Day
Source of heading or term fast
655 #0 - INDEX TERM--GENRE/FORM
Genre/form data or focus term Young adult fiction.
655 #7 - INDEX TERM--GENRE/FORM
Genre/form data or focus term Fiction
Source of term fast
9 (RLIN) 5673940
655 #7 - INDEX TERM--GENRE/FORM
Genre/form data or focus term Romance fiction
Source of term fast
655 #7 - INDEX TERM--GENRE/FORM
Genre/form data or focus term Young adult works
Source of term fast
9 (RLIN) 5723197
655 #7 - INDEX TERM--GENRE/FORM
Genre/form data or focus term Romance fiction.
Source of term lcgft
938 ## -
-- Brodart
-- BROD
-- 134063813
938 ## -
-- YBP Library Services
-- YANK
-- 19537851
994 ## -
-- C0
-- WACOL
Holdings
Withdrawn status Lost status Source of classification or shelving scheme Damaged status Not for loan Collection code Home library Current library Shelving location Date acquired Source of acquisition Total Checkouts Total Renewals Full call number Barcode Checked out Date last seen Date checked out Cost, replacement price Price effective from Koha item type
    Dewey Decimal Classification     Young Adult Fiction Wasatch County Library Wasatch County Library Main Floor Teen Area 04/01/2024 Amazon 13 13 YA Painter 34301002070565 03/03/2026 01/05/2026 01/05/2026 12.99 04/01/2024 BOOK
This project was made possible through a grant from the Institute of Museum and Library Service administered by the Utah State Library Division.

Wasatch County Library

  • 465 East 1200 South, Heber City, Utah 84032
  • Phone 435-654-1511 | Fax 435-654-6456

Hours

  • Monday - Friday 9:30 AM - 8:00 PM
  • Saturday 9:30 AM - 1:30 PM
  • Closed Sundays and Holidays